Diversidad en tecnologías para el desarrollo de turbinas eólicas /

Gorde:
Xehetasun bibliografikoak
Egile nagusia: Fariñas Wong, Ernesto
Formatua: Texto
Etiketak: Etiketa erantsi
Etiketarik gabe, Izan zaitez lehena erregistro honi etiketa jartzen!

MARC

LEADER 00000 a a2200000 04500
001 46560
003
040
100 |a Fariñas Wong, Ernesto  
245 |a Diversidad en tecnologías para el desarrollo de turbinas eólicas /  |c Ernesto Fariñas Wong 
773 |g volumen38, número1 ( , 2013), páginas 167-180 : tablas, gráficos  
999 |c 35081  |d 35081